Derecho y valor : (Registro nro. 28159)

Detalles MARC
000 -LEADER
fixed length control field 01718nam a2200265Ia 4500
003 - CONTROL NUMBER IDENTIFIER
control field CO-CtgCURN
005 - DATE AND TIME OF LATEST TRANSACTION
control field 20250408180637.0
008 - FIXED-LENGTH DATA ELEMENTS--GENERAL INFORMATION
fixed length control field 190722s9999 xx 000 0 und d
020 ## - INTERNATIONAL STANDARD BOOK NUMBER
International Standard Book Number 9586902455
040 ## - CATALOGING SOURCE
Original cataloging agency CO-CtgCURN
Language of cataloging spa
Transcribing agency coctgcurn
082 ## - DEWEY DECIMAL CLASSIFICATION NUMBER
Classification number 340.1
Item number V645
100 ## - MAIN ENTRY--PERSONAL NAME
Personal name Victoria Ochoa, Diego Fernando
9 (RLIN) 6358
Relator term autor
245 #0 - TITLE STATEMENT
Title Derecho y valor :
Remainder of title hacia una concepción axiologista de la ciencia jurídica /
Statement of responsibility, etc. Diego Fernando Victoria Ochoa
260 ## - PUBLICATION, DISTRIBUTION, ETC.
Place of publication, distribution, etc. Bogotá, Colombia :
Name of publisher, distributor, etc. Leyer,
Date of publication, distribution, etc. 2001
300 ## - PHYSICAL DESCRIPTION
Extent 156 páginas ;
Dimensions 21 centímetros.
504 ## - BIBLIOGRAPHY, ETC. NOTE
Bibliography, etc. note Incluye referencias bibliografica
505 ## - FORMATTED CONTENTS NOTE
Formatted contents note Cap.1. Aspectos generales -- Cap.2. El valor en los esquemas generales del pensamiento filosófico -- A. Los presocráticos -- B. Los clásicos -- C. Los post-clásicos -- D. La escolástica -- E. El renacimiento -- F. El idealismo kantiano -- G. El idealismo en Alemania. Auge y crisis -- H. El neo-kantismo -- I. El positivismo -- J. La fenomenología de los valores -- Cap.3. El valor en los esquemas particulares de pensamiento de la ciencia jurídica -- A. El historicismo -- B. La jurisprudencia de conceptos -- C. El positivismo jurídico -- La teoría pura del derecho -- Cap.4. El problema epistemológico del valor jurídico -- A. Ubicación -- B. Naturaleza del valor -- C. El juicio de validez del valor jurídico -- D. El juicio de certeza del valor jurídico.
521 ## - TARGET AUDIENCE NOTE
Target audience note AREA PROFESIONAL
590 ## - LOCAL NOTE (RLIN)
Local note Programa de Derecho_18
650 ## - SUBJECT ADDED ENTRY--TOPICAL TERM
Topical term or geographic name entry element Derecho
9 (RLIN) 6359
650 ## - SUBJECT ADDED ENTRY--TOPICAL TERM
Topical term or geographic name entry element Filosofia del derecho
9 (RLIN) 6360
942 ## - ADDED ENTRY ELEMENTS (KOHA)
Koha item type Libros
Classification part 340.1
Item part V645
Source of classification or shelving scheme Dewey Decimal Classification
Suppress in OPAC No
Existencias
Withdrawn status Lost status Damaged status Not for loan Collection Home library Current library Shelving location Date acquired Inventory number Total checkouts Full call number Barcode Date last seen Copy number Price effective from Koha item type
          Miguel Henríquez Castañeda Barranquilla Miguel Henríquez Castañeda Barranquilla General 05/23/2018 00942   340.1 V645 00942 07/22/2019 ej.1 07/22/2019 Libros
          Miguel Henríquez Castañeda Barranquilla Miguel Henríquez Castañeda Barranquilla General 05/23/2018 00944   340.1 V645 00944 07/22/2019 ej.2 07/22/2019 Libros